[Event "84th BRA-ch 2017"]
[Site "Rio de Janeiro"]
[Date "2018.02.06"]
[Round "1.1"]
[White "Mecking, Henrique"]
[Black "Nery Junior, Jose Antonio"]
[Result "1/2-1/2"]
[WhiteElo "2597"]
[BlackElo "2134"]
[Annotator "TA"]
[PlyCount "116"]
[EventDate "2018.??.??"]
[EventType "k.o."]
[EventCountry "BRA"]
[SourceTitle "playchess.com"]
[Source "ChessBase"]
[SourceQuality "1"]

{[%evp 28,116,57,46,52,50,48,49,78,29,42,22,40,25,27,-7,0,0,0,0,0,1,68,72,75,20,39,0,0,0,0,-45,23,32,46,51,89,70,73,0,0,-1,-1,-1,-1,-2,0,0,0,0,11,11,11,11,11,11,11,11,31,18,81,25,180,180,180,180,181,189,216,196,180,152,146,110,120,120,126,110,110,0,136,141,172,8,8,8,8,8,8,8,8]} 1. d4 Nf6 2. c4 c5 3. d5 e6 4. Nc3 exd5 5. cxd5 d6 6. Nf3 g6 7. Nd2 Na6 8. e4 Nc7 9. Be2 Bg7 10. O-O O-O 11. a4 Re8 12. f3 b6 13. Nc4 Ba6 14. Bg5 Bxc4 {A79: Benoni (Hauptsystem)} 15. Bxc4 {LiveBook: 6 Partien} a6 16. Qd3 Qc8 {Weiß steht etwas besser.} 17. Bf4 Bf8 {[#]} 18. Bd2 $146 ({Vorgänger:} 18. Rab1 Nd7 19. b4 cxb4 20. Rxb4 Ne5 21. Bxe5 dxe5 22. Rb2 {1-0 (64) Ruban,V (2535)-Filippov,V (2510) Kemerovo 1995}) 18... Rb8 19. Rfe1 Qb7 20. Qc2 b5 21. axb5 axb5 22. Bf1 b4 23. Nd1 {[%cal Bc3d1,Bd1e3,Be3g4][%mdl 32]} Nd7 24. Ne3 Nb6 (24... Nb5 $11) 25. Ng4 $14 Nd7 26. Bh6 (26. Nh6+ $16 Bxh6 27. Bxh6) 26... Nb5 27. Bxb5 (27. Qf2 {is more complex.} Nd4 28. Bf4 Ra8 29. Ne3 Ne5 30. Bxe5 dxe5 31. Nc4) 27... Qxb5 28. Bxf8 Kxf8 29. b3 h5 (29... c4 $1 $15) 30. Ne3 $11 {[#] Und weiter mit Sc4 wäre nett.} Nb6 31. g4 {gxh5 ist eine echte Drohung.} hxg4 32. Nxg4 {Droht stark Db2.} c4 33. bxc4 (33. Qc1 $16 Nd7 34. Qh6+ (34. bxc4 Qc5+ 35. Kg2 b3 $16) (34. Qxc4 Qxc4 35. bxc4 f5 $17) 34... Kg8 35. Ra7) 33... Qxc4 34. Qb2 $132 {[%mdl 2048] Weiss is fighting back} Qc3 35. Qxc3 bxc3 36. Rec1 f5 37. Nf2 fxe4 38. fxe4 Rbc8 39. Ra3 c2 40. Ra2 Nd7 41. Raxc2 Rxc2 42. Rxc2 {[%mdl 4096] Endspiel KTS-KTS} Nc5 43. Rc4 Ra8 (43... Ke7 $11) 44. Kg2 (44. e5 $1 $16) 44... Ra4 $2 (44... Ra2 $11 {und Schwarz steht sicher.} 45. Kf3 Kf7) 45. Rxa4 $18 Nxa4 {KS-KS} 46. Kf3 Nc5 47. Ke3 Ke7 48. Nd3 {[#] zielt auf Sxc5 ab.} Nd7 49. Kf4 Kf6 50. h4 Nb6 51. Nf2 Nc4 52. Nd1 Ne5 53. Nf2 (53. Ne3 $16 Nd3+ 54. Kf3) 53... Nf7 (53... Nc4 $1 $11 {hält das Gleichgewicht.}) 54. Ng4+ $16 Ke7 55. e5 $2 ({Lieber} 55. Ke3 $18) 55... dxe5+ $11 {Die Stellung ist ausgeglichen.} 56. Nxe5 g5+ $1 57. hxg5 Nxg5 58. Kxg5 {Beabsichtigt Sc4 und Matt.} Kd6 {Precision: Weiß = 59%, Schwarz = 47%.} 1/2-1/2

[Event "84th BRA-ch 2017"]
[Site "Rio de Janeiro"]
[Date "2018.02.06"]
[Round "1.1"]
[White "Supi, Luis Paulo"]
[Black "Rocha, Vitor Firmo De Souz"]
[Result "1-0"]
[WhiteElo "2553"]
[BlackElo "2219"]
[Annotator "TA"]
[PlyCount "65"]
[EventDate "2018.??.??"]
[EventType "k.o."]
[EventCountry "BRA"]
[SourceTitle "playchess.com"]
[Source "ChessBase"]
[SourceQuality "1"]

{[%evp 13,65,0,57,16,36,43,36,29,31,31,44,30,26,0,92,79,83,80,69,67,55,53,64,54,95,87,92,100,129,126,132,133,125,124,129,136,140,139,126,131,153,153,167,135,1742,1689,29988,29989,29989,29990,29993,29993,29993,29994]} 1. e4 c6 2. d3 d5 3. Nd2 e5 4. Ngf3 Bd6 5. g3 Ne7 6. Bg2 O-O 7. O-O f5 {LiveBook: 8 Games} (7... Bc7 $11) 8. c4 {B10: Caro-Kann: 2 d3 and 2 c4} (8. exd5 cxd5 9. c4 e4 10. Nd4 Nbc6 11. Nxc6 bxc6 12. cxd5 cxd5 13. dxe4 fxe4 14. Nb3 Ba6 15. Re1 Bd3 {0-1 (60) Heberla,B (2487)-Pantsulaia,L (2609) playchess.com INT 2006}) 8... dxe4 9. dxe4 f4 10. c5 {White is slightly better.} Bc7 $146 ({Find the theoretical novelty and annotate with similar games:} 10... Bxc5 11. Qb3+ Kh8 12. Nxe5 fxg3 13. Nf7+ Rxf7 14. Qxf7 gxf2+ 15. Kh1 Qg8 16. Qxg8+ Kxg8 17. Nb3 Bb6 18. Bg5 Ng6 19. Rad1 Bg4 20. Rd2 {1-0 (20) Eidelson,R (2307)-Dudzinski,P (2090) Polanica Zdroj 2001}) 11. b4 Ng6 12. Bb2 Be6 13. h4 Nd7 (13... h6 $11 {keeps the balance.}) 14. Ng5 $16 Qe7 15. Nxe6 Qxe6 16. Kh2 Nf6 17. Bh3 Qf7 18. Qe2 $36 {[%mdl 2048] White has the initiative.} Rad8 19. Nf3 {Threatens to win with Ng5.} h6 20. g4 {[%cal Bg3g4,Bg4g5][%mdl 32]} Nh7 {[#]} 21. Rg1 $1 Rfe8 22. g5 {aiming for gxh6.} h5 23. Qc2 Nhf8 24. Bf1 Kh8 25. Bc4 Ne6 26. Rad1 Qe7 27. Qe2 Rf8 28. Rxd8 Bxd8 $4 {[%mdl 8192] [#]} (28... Rxd8 $16 29. Rd1 Rxd1 30. Qxd1 Qe8) 29. Nxe5 $18 Nxe5 30. Qxh5+ {White mates.} Kg8 31. Bxe5 Re8 32. Rd1 f3 33. Rd6 {Precision: White = 82%, Black = 49%.} 1-0

[Event "84th BRA-ch 2017"]
[Site "Rio de Janeiro"]
[Date "2018.02.06"]
[Round "1.1"]
[White "Matsuura, Everaldo"]
[Black "Bueno, Alfeu Junior Varela"]
[Result "1-0"]
[WhiteElo "2492"]
[BlackElo "2271"]
[Annotator "TA"]
[PlyCount "147"]
[EventDate "2018.??.??"]
[EventType "k.o."]
[EventCountry "BRA"]
[SourceTitle "playchess.com"]
[Source "ChessBase"]
[SourceQuality "1"]

{[%evp 23,147,65,72,42,42,14,29,22,78,81,86,79,111,108,140,110,115,72,74,62,75,72,127,116,182,177,314,196,299,189,199,167,158,168,169,178,212,162,157,166,158,166,172,169,170,175,170,164,170,163,164,135,162,155,155,154,201,187,199,199,212,178,197,160,160,36,154,136,140,130,129,127,121,75,75,64,75,66,84,74,74,0,82,84,84,83,80,77,83,80,97,96,87,22,22,0,37,22,27,33,99,81,85,107,120,124,123,124,124,124,123,124,345,345,345,345,329,329,329,282,4602,4562,2250,1800,1454,1439]} 1. d4 f5 2. g3 Nf6 3. Bg2 g6 4. c4 Bg7 5. Nc3 O-O 6. Nf3 d6 7. O-O Nc6 8. d5 Ne5 9. Nxe5 dxe5 10. Qb3 a6 11. c5 Kh8 12. Rd1 {A89: Dutch Defence: Leningrad System: 5 Nf3 0-0 6 0-0 d6 7 Nc3 Nc6} h6 {LiveBook: 38 Games} (12... Rb8 13. Qa3 h6 14. b3 g5 15. Bb2 Qe8 16. d6 exd6 17. cxd6 cxd6 18. Rxd6 Qh5 19. Rad1 {1-0 (29) Bacrot,E (2689)-Shabalov,A (2563) London 2016}) 13. Qa3 g5 $146 ({Predecessor:} 13... Rb8 14. Bd2 g5 15. Be1 Qe8 16. Qa5 b6 17. cxb6 cxb6 18. Qa3 b5 19. Qb4 Bb7 20. a4 bxa4 21. Qxa4 {0-1 (34) Shneider,A (2535)-Danner,G (2455) Berlin 1994}) 14. d6 {And now c6 would win.White is slightly better.} exd6 15. cxd6 cxd6 (15... c6 $11 {remains equal.}) 16. Rxd6 $16 Qe8 17. Be3 f4 18. Bc5 Qh5 19. Nd5 {Threatens to win with Nxf6.} Nxd5 20. Rxd5 Re8 21. Qd3 Bg4 22. Re1 Rac8 (22... Qf7 $142) 23. Be4 $1 Rc6 (23... Qh3 $16) 24. Bd6 $18 {aiming for Bg6.} Re6 (24... Rec8 {keeps fighting.} 25. Bxe5 Bxe5) 25. Bb4 {Black must now prevent f3.} Rc8 (25... Re8 {might work better.} 26. Rd8 Rc8 27. Rxc8 Rxc8) 26. Bc3 Qe8 27. f3 Bh5 28. Rd1 Bf7 29. Bf5 Bg6 30. Bxg6 Qxg6 31. Qxg6 Rxg6 32. Rd8+ $1 Rxd8 33. Rxd8+ {[%mdl 4096] Endgame KRB-KRB} Kh7 34. Rd7 Re6 35. Rxb7 Kg6 36. Kf2 Bf8 37. Bb4 Bxb4 38. Rxb4 $16 {KR-KR} Rc6 39. Ra4 Kf5 40. g4+ Ke6 41. Ra5 Rd6 42. Ke1 Kf6 43. Ra3 Rb6 44. Rb3 ({White should play} 44. b3 $16) 44... Rd6 (44... Rxb3 $14 45. axb3 Ke6) 45. Rd3 Rb6 46. b3 e4 47. fxe4 Ke5 48. Kd2 Kxe4 49. Rd8 Re6 50. h3 Rc6 51. Re8+ Kd4 52. Rd8+ Ke4 $1 53. b4 Rb6 54. a3 Rc6 55. Rd7 Re6 56. Rd3 Rc6 57. Rb3 Rd6+ {[#]} 58. Kc2 (58. Ke1 $1 $16) 58... Rc6+ $1 $11 59. Kb1 Rd6 60. Kc1 Rc6+ 61. Kd1 Rd6+ {[#]} (61... Kd5 $14) 62. Ke1 $1 $16 Rc6 63. Kf2 Rd6 64. a4 {[%cal Ba3a4,Ba4b5,Bb5b6][%mdl 32]} Rb6 65. b5 {Hoping for a5.} Kd5 66. e3 Kc4 67. Rb1 {exf4 is the strong threat.} axb5 $2 (67... fxe3+ $16 68. Kxe3 Re6+ 69. Kf3 Kc5) 68. axb5 $18 fxe3+ 69. Kxe3 Kc5 70. Ke4 Kd6 71. Kd4 Rb8 $2 (71... Kc7 72. Rb3 Rd6+ 73. Ke4 Rb6) 72. b6 {White is clearly winning.} Rb7 73. Rb3 Kc6 74. Ke5 {Precision: White = 68%, Black = 39%.} 1-0

[Event "84th BRA-ch 2017"]
[Site "Rio de Janeiro"]
[Date "2018.02.06"]
[Round "1.1"]
[White "Santos, Marcus Vinicius Mor"]
[Black "Brito, Luismar"]
[Result "0-1"]
[WhiteElo "2402"]
[BlackElo "2302"]
[Annotator "TA"]
[PlyCount "85"]
[EventDate "2018.??.??"]
[EventType "k.o."]
[EventCountry "BRA"]
[SourceTitle "playchess.com"]
[Source "ChessBase"]
[SourceQuality "1"]

{[%evp 24,85,5,5,13,25,12,6,29,31,39,10,1,10,32,37,32,0,24,21,26,19,12,10,24,25,64,32,46,45,38,36,40,15,17,12,22,0,0,0,0,-12,0,-20,87,24,69,0,0,-181,-175,-174,-169,-149,-157,-259,-283,-295,-26,-318,-327,-431,-426,-1127]} 1. d4 Nf6 2. c4 e6 3. Nc3 Bb4 4. e3 c5 5. Nge2 cxd4 6. exd4 d5 7. a3 Be7 8. Nf4 O-O 9. Be3 Nc6 10. cxd5 Nxd5 11. Nfxd5 exd5 12. Bd3 Be6 13. O-O {LiveBook: 4 Games} Qd7 {E42: Nimzo-Indian: Rubinstein: 4...c5 5 Ne2} (13... Bf6 14. Rc1 Na5 15. b4 Nc6 16. Na4 Qd6 17. Nc5 Bc8 18. Qd2 a5 19. b5 Nxd4 20. Bxd4 Bxd4 21. Bxh7+ Kxh7 22. Qxd4 {½-½ (67) Oll,L (2630)-Timman,J (2649) Belgrade 1999}) 14. Rc1 $146 ({Find the theoretical novelty and annotate with similar games:} 14. Ne2 Bf5 15. Bxf5 Qxf5 16. Qd2 Rac8 17. Rac1 Bd8 18. b4 a6 19. Nc3 Be7 20. Qa2 Rcd8 21. Qc2 {½-½ (29) Iagar,R (2141)-Toranzo Fernandez,D (2045) Galapagar 2009}) 14... Rac8 15. Na4 Bf6 {The position is equal.} 16. Nc5 Qe7 17. Bb1 ({Much worse is} 17. Qh5 g6 $17) 17... b6 18. Nxe6 fxe6 19. Rc3 g6 20. Qc2 Qd6 21. Rc1 {[%cal Rc3c6,Bf1c1,Bc1c3,Bc3c5][%mdl 32]} Ne7 22. Qa4 Rxc3 23. Rxc3 e5 {Threatens to win with ...exd4.} 24. g3 b5 25. Qd1 e4 26. Rc5 a6 27. Ba2 Rd8 28. Qg4 Kg7 29. Bf4 Qd7 30. Qd1 Qe6 31. Qd2 Nf5 {[%cal Be7f5,Bf5h4,Bh4f3][%mdl 32]} 32. Be3 h5 33. h4 Bxh4 (33... Rd7 $11 {keeps the balance.}) 34. gxh4 $16 Nxh4 35. Bh6+ (35. Qc3 $1 $14) 35... Kh7 $1 $11 {aiming for ...Qh3.} 36. Qf4 $2 (36. Rc7+ $1 $11 Rd7 37. Rxd7+ Qxd7 38. Qf4) 36... Nf3+ $19 37. Kg2 {[#]} g5 $1 {[%cal Rg5f4]} 38. Bxg5 Nxg5 39. Rc7+ {[#]} ({Avoid the trap} 39. Qxg5 $2 Rg8 $19) (39. Qh4 $17 Kh6 40. Qf4) 39... Kg6 $1 {( -> ...Qh3+)} 40. Qg3 Qd6 $2 (40... Rf8 $19 {And now ...Rf3 would win.} 41. Rc3 Rf5) 41. Qxd6+ $4 {[%mdl 8192]} (41. Rc5 $1 $11 {and White is okay.}) 41... Rxd6 42. Rc5 Ne6 43. Rxd5 {Precision: White = 47%, Black = 50%.} (43. Rc1 $142) 0-1

[Event "84th BRA-ch 2017"]
[Site "Rio de Janeiro"]
[Date "2018.02.06"]
[Round "1.1"]
[White "Toth, Christian Endre"]
[Black "Macedo, Maximo Iack"]
[Result "1-0"]
[WhiteElo "2348"]
[BlackElo "2358"]
[Annotator "RC"]
[PlyCount "57"]
[EventDate "2018.??.??"]
[EventType "k.o."]
[EventCountry "BRA"]
[SourceTitle "playchess.com"]
[Source "ChessBase"]
[SourceQuality "1"]
[TimeControl "5400+30"]

1. d4 {[%emt 0:00:00]} Nf6 {[%emt 0:00:41]} 2. Bf4 {[%emt 0:00:00]} d5 {[%emt 0:05:13]} 3. e3 {[%emt 0:00:00]} c5 {[%emt 0:00:25]} 4. c3 {[%emt 0:00:01]} Nc6 {[%emt 0:00:19]} 5. Nd2 {[%emt 0:00:05]} e6 {[%emt 0:03:30]} 6. Ngf3 {[%emt 0:00:26]} Bd6 {[%emt 0:00:31]} 7. Bg3 {[%emt 0:00:08]} O-O {[%emt 0:03:39]} 8. Bb5 {[%emt 0:00:18]} a6 {[%emt 0:02:47]} 9. Bxc6 {[%emt 0:01:00]} bxc6 {[%emt 0:00:05]} 10. Qa4 {[%emt 0:00:35]} Rb8 {[%emt 0:14:13]} 11. Bxd6 {[%emt 0:14:57]} Qxd6 {[%emt 0:00:11]} 12. Qa3 {[%emt 0:00:08]} Rb5 {[%emt 0:07:49]} 13. Nb3 {[%emt 0:01:28]} Qb8 {[%emt 0:06:27]} 14. Nxc5 {[%emt 0:07:01]} Rxb2 {[%emt 0:02:10]} 15. O-O {[%emt 0:00:58]} Qb5 {[%emt 0:05:27]} 16. Ne5 {[%emt 0:04:54]} Qe2 {[%emt 0:07:36]} 17. h3 {[%emt 0:10:49]} g5 {[%emt 0:11:36]} 18. Qa4 {[%emt 0:14:29]} Nh5 {[%emt 0:07:15]} 19. Rae1 {[%emt 0:11:25]} Qd2 {[%emt 0:15:02]} 20. Nf3 {[%emt 0:00:16]} Qxc3 {[%emt 0:00:30]} 21. Rc1 {[%emt 0:00:50]} Qb4 {[%emt 0:00:41]} 22. Qxb4 {[%emt 0:00:18]} Rxb4 {[%emt 0:00:05]} 23. Nxg5 {[%emt 0:00:14]} Ng7 {[%emt 0:02:28]} 24. Rb1 {[%emt 0:01:30]} Rc4 {[%emt 0:00:58]} 25. Rfc1 {[%emt 0:01:14]} Rxc1+ {[%emt 0:00:36]} 26. Rxc1 {[%emt 0:00:01]} f6 {[%emt 0:01:30]} 27. Nf3 {[%emt 0:00:07]} Rf7 {[%emt 0:01:23]} 28. Rb1 {[%emt 0:00:10]} Rc7 {[%emt 0:00:28]} 29. Rb6 {[%emt 0:03:12]} 1-0

[Event "84th BRA-ch 2017"]
[Site "Rio de Janeiro"]
[Date "2018.02.06"]
[Round "1.1"]
[White "Martins, Vinicius Tine"]
[Black "Proudian, Armen"]
[Result "1/2-1/2"]
[WhiteElo "2287"]
[BlackElo "2423"]
[Annotator "TA"]
[PlyCount "106"]
[EventDate "2018.??.??"]
[EventType "k.o."]
[EventCountry "BRA"]
[SourceTitle "playchess.com"]
[Source "ChessBase"]
[SourceQuality "1"]

{[%evp 14,106,27,2,8,-36,-47,-43,-35,-57,-88,-83,-33,-37,-37,-31,-14,-68,-56,-62,-35,-29,3,0,3,3,3,3,6,6,8,0,4,0,30,13,29,26,6,6,118,113,114,114,104,112,106,115,114,85,87,70,151,163,210,202,201,184,447,211,365,364,437,432,459,456,383,273,1152,446,484,277,277,237,242,0,188,8,8,8,8,8,8,8,8,8,8,2,2,2,2,8,9,8,8]} 1. d4 Nf6 2. c4 e6 3. Nc3 Bb4 4. e3 b6 5. Nge2 Bb7 6. a3 Be7 7. d5 O-O 8. g3 b5 {E44: Nimzo-Indian: Rubinstein: 4...b6 5 Ne2} 9. Nxb5 exd5 10. Bg2 {[%cal Rc4d5]} c6 {Black is slightly better.} 11. Nbc3 {[%cal Rc4d5]} dxc4 12. e4 $146 ({Predecessor:} 12. O-O Na6 13. e4 Nc5 14. Nd4 Re8 15. e5 Nd5 16. Nf5 {0-1 (49) Blasco Marques,S (2200)-Suba,M (2565) Collado Villalba 1996}) 12... d5 13. O-O Na6 {[%cal Bb8a6,Ba6c5,Bc5d3][%mdl 32]} 14. exd5 cxd5 15. Bg5 (15. Nf4 $11) 15... Nc5 $15 16. Rb1 Nfe4 17. Be3 $1 Nd3 18. b3 $1 {[%cal Rb3c4] Black must now prevent bxc4.} Nxc3 19. Nxc3 {Threatens to win with bxc4.} d4 $1 20. Bxb7 dxe3 21. fxe3 Rb8 $1 {[%cal Rb8b7]} 22. bxc4 Bxa3 23. Bd5 Ne5 24. Qd4 Rxb1 25. Rxb1 Nd7 26. Ne4 $36 {[%mdl 2048] White is more active.} Qa5 (26... Nb6 $11) 27. Ra1 Qb4 28. Qxa7 Bb2 29. Rf1 Nf6 30. Nxf6+ Bxf6 31. Qd7 Qc3 32. e4 h5 (32... g6 $14 33. Kg2 Kg7) 33. Kg2 $16 h4 34. gxh4 Qd2+ 35. Rf2 Qh6 $2 {[#]} (35... Qe3 36. Qf5 Qh6) 36. c5 (36. e5 $142 $1 Bd8 (36... Bxe5 37. Bxf7+) 37. Bxf7+ Kh8 38. Qd6) 36... Kh8 $2 (36... Qg6+ 37. Kh1 Rd8) 37. c6 $18 Qg6+ 38. Kh3 {And now c7 would win.} Qh6 {[#]} 39. Qg4 $1 {aiming for c7.} Be5 40. Qg5 f6 $2 {[#]} (40... Qxg5 41. hxg5 g6) 41. Qxh6+ (41. Qxe5 $142 $1 {[%mdl 512]} fxe5 42. Rxf8+ Kh7 43. c7 Qe3+ 44. Kg4 Qe2+ 45. Kf5 Qf2+ 46. Ke6 Qxf8 47. Kd7) 41... gxh6 {[%mdl 4096] Endgame KRB-KRB} 42. Ra2 (42. Kg4 $142) 42... h5 43. Ra7 Rb8 44. Ra2 $2 (44. Bf7 $18) 44... Kg7 $2 (44... Rf8 $1 $11) 45. c7 $2 (45. Kg2 $18) 45... Rc8 $1 $11 {The position is equal.} 46. Rg2+ Kh6 47. Rc2 (47. Be6 {seems wilder.} Rxc7 48. Ra2 Rh7 49. Bf5 Rb7 50. Rc2) 47... Rxc7 48. Rxc7 Bxc7 {KB-KB} 49. Bf7 Ba5 50. Kg3 Be1+ 51. Kf4 Bxh4 52. Kf5 Bg5 53. h3 Bh4 {Precision: White = 53%, Black = 46%.} 1/2-1/2

[Event "84th BRA-ch 2017"]
[Site "Rio de Janeiro"]
[Date "2018.02.06"]
[Round "1.1"]
[White "Bouwman, Marcelo Wanderley"]
[Black "Mekhitarian, Krikor Sevag"]
[Result "0-1"]
[WhiteElo "2247"]
[BlackElo "2529"]
[Annotator "TA"]
[PlyCount "86"]
[EventDate "2018.??.??"]
[EventType "k.o."]
[EventCountry "BRA"]
[SourceTitle "playchess.com"]
[Source "ChessBase"]
[SourceQuality "1"]

{[%evp 15,86,0,0,0,-3,-3,0,0,0,0,0,-38,-30,-56,-59,-179,-56,-61,-60,-68,-71,-104,-89,-188,-187,-191,-113,-108,-104,-159,-152,-145,-145,-127,-138,-272,-287,-290,-291,-396,-397,-533,-530,-583,-585,-595,-601,-571,-558,-604,-454,-661,-649,-733,-758,-841,-832,-799,-794,-779,-706,-676,-610,-727,-664,-1635,-5335,-4962,-4970,-2008,-1511,-12836,-12770]} 1. e4 c5 2. Nc3 e6 3. g3 d5 4. exd5 exd5 5. Bg2 Nf6 6. d3 Be7 7. Nge2 Nc6 8. O-O O-O {LiveBook: 16 Games} 9. h3 {B24: Closed Sicilian: 3 g3 sidelines} (9. Bg5 d4 10. Bxf6 Bxf6 11. Ne4 Be7 12. Nf4 Re8 13. Re1 Bf8 14. a3 Bd7 15. Nd5 Re5 16. Nd2 Rxe1+ 17. Qxe1 {½-½ (27) Orlov,A (2521)-Fridman,R (2457) Netherlands 2009}) 9... d4 10. Ne4 Nd5 11. c4 {The position is equal.} dxc3 12. bxc3 $146 ({Predecessor:} 12. N2xc3 Ndb4 13. Qh5 g6 14. Qh6 Be6 15. Ng5 Bxg5 16. Bxg5 {½-½ (26) Kosmac,B (2195)-Kovac,B (2224) Slovenia 2016}) 12... Re8 13. f4 f5 14. Nf2 Bf6 15. Qb3 (15. Rb1 $15) 15... Rxe2 ({Black should try} 15... Be6 $19 16. Qxb7 Qd6) 16. Bxd5+ $15 Kh8 {[#] And now ...Bxc3! would win.} 17. Bf3 Re7 18. Bd2 Be6 19. Qa4 (19. Qc2 $17) 19... Bd5 $19 20. Qd1 {[#]} Bxf3 (20... b5 $1 $19 {[%cal Rb5b4] Hoping for ...b4.} 21. Re1 Rxe1+ 22. Bxe1 b4) 21. Qxf3 $17 Qa5 $36 {[%mdl 2048] Black is in control.} 22. Qd5 (22. Rfe1 $142) 22... Re2 23. Be1 Bxc3 24. Bxc3 Qxc3 25. Rab1 (25. Rac1 $17 Qd4 26. Qxd4 Nxd4 27. Rxc5) 25... Rd8 $19 26. Qxf5 b6 27. Rbc1 Qd2 28. Rcd1 Qe3 {Black is clearly winning.} 29. Qg4 Nd4 30. Kg2 Rf8 31. h4 h6 32. h5 Re8 33. Rb1 (33. a4 $142) 33... Qxd3 34. Rbd1 Qe3 35. f5 Re4 36. Rxd4 Qxd4 37. Qf3 Re8 38. Kh3 Qe3 39. Qc6 Rf8 40. f6 Rxf6 41. Qc8+ Qe8 42. Qxe8+ Rxe8 43. g4 Re2 {Precision: White = 21%, Black = 76%.} 0-1

[Event "84th BRA-ch 2017"]
[Site "Rio de Janeiro"]
[Date "2018.02.06"]
[Round "1.1"]
[White "Abrantes, Tiago Garrido"]
[Black "Fier, Alexandr"]
[Result "0-1"]
[WhiteElo "2158"]
[BlackElo "2557"]
[Annotator "TA"]
[PlyCount "80"]
[EventDate "2018.??.??"]
[EventType "k.o."]
[EventCountry "BRA"]
[SourceTitle "playchess.com"]
[Source "ChessBase"]
[SourceQuality "1"]

{[%evp 19,80,5,25,-18,8,-22,-21,-29,-25,-23,-15,-16,-12,-71,-64,-76,-24,-26,-32,-38,-41,-101,-93,-268,-275,-261,-271,-260,-274,-274,-274,-270,-266,-254,-260,-343,-340,-384,-372,-372,-372,-375,-367,-375,-373,-370,-365,-374,-374,-373,-362,-399,-401,-431,-411,-449,-441,-497,-493,-513,-508,-497,-484]} 1. e4 c5 2. Nf3 e6 3. d4 cxd4 4. Nxd4 a6 5. Nc3 b5 6. Bd3 Qb6 7. Nb3 Qc7 8. O-O Bb7 9. a3 Nf6 {B43: Sicilian: Kan Variation: 5 Nc3} 10. Qe2 d6 {LiveBook: 22 Games} 11. Bg5 Nbd7 {The position is equal.} 12. Rad1 Be7 13. Kh1 h6 14. Bh4 g5 15. Bg3 h5 $36 {[%mdl 2048] [#] Hoping for ...h4. Black has some pressure.} 16. h4 $146 (16. h3 $11 {remains equal.}) ({Predecessor:} 16. h3 h4 17. Bh2 {0-1 (33) Nyi Nyi,L (2219)-Yu,Y (2652) Jakarta 2011}) 16... gxh4 $17 17. Bxh4 Rg8 (17... Ng4 $17 18. Bg3 Nge5) 18. f3 $11 Rd8 19. Qe1 Ne5 20. a4 {[#]} ({Better is} 20. f4 $15 Nc4 21. f5) 20... bxa4 $1 $17 21. Nxa4 $2 (21. Nd4 $17 {was necessary.}) 21... Nxd3 $19 22. Rxd3 Qxc2 {[%csl Gg8][%cal Rc2g2]} 23. Qd2 Qxd2 24. Nxd2 Nxe4 25. Nxe4 Bxe4 ({Don't play} 25... Bxh4 26. Nxd6+ Ke7 27. Rfd1 $19) 26. fxe4 {Threatens to win with Bxe7.} Bxh4 27. Rc1 Rg4 28. Rc6 Rxe4 29. Rxa6 Bf6 30. Kg1 Be5 31. Nc3 Rb4 32. Rd2 Rdb8 33. Ra2 d5 34. Re2 Bd4+ 35. Kh2 Kf8 36. g3 Rb3 37. Nd1 Kg7 {Black is clearly winning.} 38. Kg2 Rd3 39. Nf2 Bxf2 40. Rxf2 Rbb3 {Precision: White = 28%, Black = 86%.} 0-1